| 000 | 00612cam a22002411 4500 | ||
|---|---|---|---|
| 001 | sa 67001111 | ||
| 003 | DLC | ||
| 005 | 20260227112319.0 | ||
| 008 | 890802s1965 ii b 000 0 hino | ||
| 010 | _asa 67001111 | ||
| 035 | _a(OCoLC)20114864 | ||
| 040 |
_aDLC _cWaU _dDLC |
||
| 041 | 0 | _ahinbra | |
| 042 | _apremarc | ||
| 050 | 0 | 0 |
_aPK1967.9 _b.R32 1965 |
| 100 | 0 |
_aRatnāvalī, _d1520-1594. |
|
| 245 | 0 | 0 | _aRatnāvalī aura unakā kāvya. |
| 260 | _c[1965] | ||
| 300 |
_a240 p. _c19 cm. |
||
| 500 | _aHindi or Braj. | ||
| 504 | _aBibliography: p. [229]-240. | ||
| 700 | 1 |
_aBharadwaj, Ramdat, _d1902- |
|
| 999 |
_c72391 _d72391 |
||